| 000 | 01694cam a22003614a 4500 | ||
|---|---|---|---|
| 001 | 13182300 | ||
| 003 | PILC | ||
| 005 | 20150817150008.0 | ||
| 008 | 030501s2003 waua 001 0 eng | ||
| 010 | _a 2003052664 | ||
| 020 | _a0735615233 | ||
| 020 | _a9789832726258 | ||
| 020 | _a9780735615236 | ||
| 040 |
_aDLC _cDLC _dDLC |
||
| 042 | _apcc | ||
| 050 | 0 | 0 |
_aZ 52.5.M52 _b.M47 2003 |
| 082 | 0 | 0 | _a652.5/5369 |
| 245 | 0 | 0 |
_aMicrosoft Office Word 2003 step by step / _cOnline Training Solutions, Inc. |
| 250 | _aAsian ed. | ||
| 260 |
_aRedmond, Wash. : _bMicrosoft Press, _c2003. |
||
| 300 |
_alix, 322 pages : _billustrations ; _c23 cm. |
||
| 500 | _aIncludes glossary and index. | ||
| 538 | _aSystems requirements for accompanying computer disk: Computer/Processor: Computer with a Pentium 133-megahertz (MHz) or higher processor; Pentium III recommended; Memory: 64 MB of RAM (128 MB recommended) plus and additional 8 MB of RAM for each program in The Microsoft Office System (such as Word) running simultaneously. | ||
| 630 | 0 | 0 | _aMicrosoft Word. |
| 650 | 0 | _aWord processing. | |
| 710 | 2 | _aOnline Training Solutions (Firm) | |
| 856 | 4 | 2 |
_3Publisher description _uhttp://www.loc.gov/catdir/enhancements/fy1004/2003052664-d.html |
| 856 | 4 | 1 |
_3Table of contents only _uhttp://www.loc.gov/catdir/enhancements/fy1009/2003052664-t.html |
| 856 | 4 | 2 |
_3Contributor biographical information _uhttp://www.loc.gov/catdir/enhancements/fy1207/2003052664-b.html |
| 906 |
_a7 _bcbc _corignew _d1 _eocip _f20 _gy-gencatlg |
||
| 942 |
_2lcc _cBK |
||
| 999 |
_c284791 _d284791 |
||